Encounters with I / (Record no. 38123)

MARC details
000 -LEADER
fixed length control field 00670nam a22002057a 4500
005 - DATE AND TIME OF LATEST TRANSACTION
control field 20100728155426.0
010 ## - LCCN (DPL NO)
LC control number ENG-97218
020 ## - INTERNATIONAL STANDARD BOOK NUMBER
Terms of availability 500.00
International Standard Book Number 9788177112153
035 ## - SYSTEM CONTROL NUMBER
System control number EN-80751
037 ## - SOURCE OF ACQUISITION
Source of stock number/acquisition DBAD/PUB
082 ## - DEWEY DECIMAL CLASSIFICATION NUMBER
Classification number 881
100 ## - MAIN ENTRY--PERSONAL NAME
Personal name Verma, Satish
245 ## - TITLE STATEMENT
Title Encounters with I /
Statement of responsibility, etc by Satish Verma
260 ## - PUBLICATION, DISTRIBUTION, ETC. (IMPRINT)
Place of publication, distribution, etc Jaipur
Name of publisher, distributor, etc Sahityagar
Date of publication, distribution, etc 2010
270 ## - ADDRESS
Address 958, Dhamani Market, Chara Rasta
City Jaipur
Postal code 302003
300 ## - PHYSICAL DESCRIPTION
Extent viii, 109p
Dimensions 21cm (Hb)
500 ## - GENERAL NOTE
General note same ISBN no in hindi book
942 ## - ADDED ENTRY ELEMENTS (KOHA)
Source of classification or shelving scheme Dewey Decimal Classification
Item type English Books
Classification part 881
Call number suffix VER
Holdings
Withdrawn status Lost status Not for loan Collection code Home library Current library Date acquired Source of acquisition Cost, normal purchase price Full call number Barcode Copy number Cost, replacement price Koha item type
    Not For Loan Non-fiction D.B.Act.Division D.B.Act.Division 28/07/2010 DBAD/PUB 500.00 881 VER EN-80751 1 500.00 English Books

© Delhi Public Library
Hit Counter
free hit counter